00702nai a2200169Ia 4500003000900000008004100009022002300050040001600073245006800089260008600157310001400243362002600257521006900283650003000352650005700382856009300439IN-BaIIA211028c9999 xx s 000 0 eng d a1932-4537 (Online) cIIA Library 0aIEEE Transactions on Network and Service Managementh[eJournal] aNew York, USAbThe Institute of Electrical and Electronics Engineers, Inc. (IEEE) aQuarterly a1(1); 2004 - Present  bSubscribed through National Knowledge Resource Consortium (NKRC) a Computing and Processing aCommunication, Networking and Broadcast Technologies uhttps://ieeexplore.ieee.org/servlet/opac?punumber=4275028yClick Here to Access eJournal